[Event "Natal Potiguar op 10th"]
[Site "Natal"]
[Date "2015.07.05"]
[Round "6"]
[White "Lemos, Doriedson"]
[Black "Albuquerque, Rafael Anderson"]
[Result "1-0"]
[WhiteElo "2097"]
[BlackElo "1937"]
[PlyCount "100"]
[EventDate "2015.07.03"]
[EventType "swiss"]
[EventRounds "6"]
[EventCountry "BRA"]
[SourceTitle "CBM 167 Extra"]
[Source "ChessBase"]
[SourceDate "2015.09.14"]
[SourceVersion "1"]
[SourceVersionDate "2015.09.14"]
[SourceQuality "1"]

1. d4 d5 2. Nf3 Nf6 3. c4 e6 4. Bg5 c6 5. Nc3 Be7 6. e3 Nbd7 7. Rc1 0-0 8. h3 Re8 9. Bd3 dxc4 10. Bxc4 Nd5 11. Bxe7 Qxe7 12. 0-0 Nxc3 13. Rxc3 e5 14. Bb3 e4 15. Nd2 Qg5 16. f4 Qh4 17. f5 Nf6 18. Rf4 Qg3 19. h4 Bxf5 20. Rxf5 Qxh4 21. Rf4 Qg3 22. Nf1 Qg6 23. Rc5 Rad8 24. Qe2 Rd6 25. Re5 Kf8 26. Qc2 b6 27. Qf2 Re7 28. Rxe7 Kxe7 29. Ng3 Rd7 30. Nf5+ Kf8 31. Qh4 c5 32. Qh3 Rd8 33. Qh4 h5 34. Qe1 Qg5 35. dxc5 Nd5 36. Bxd5 Rxd5 37. cxb6 axb6 38. Qb4+ Rc5 39. Qxe4 Qd8 40. Nd4 Kg8 41. Rf1 h4 42. Qf4 Rc7 43. Nf3 h3 44. gxh3 Qd7 45. Nd4 Ra7 46. Qg4 Qe8 47. Nf5 g6 48. a3 Ra4 49. Ne7+ Kh7 50. Qg5 Re4 1-0

[Event "Natal Potiguar op 10th"]
[Site "Natal"]
[Date "2015.07.04"]
[Round "3"]
[White "Albuquerque, Rafael Anderson"]
[Black "Vital, Pablo Manoel Santan"]
[Result "1-0"]
[WhiteElo "1937"]
[BlackElo "1506"]
[PlyCount "74"]
[EventDate "2015.07.03"]
[EventType "swiss"]
[EventRounds "6"]
[EventCountry "BRA"]
[SourceTitle "CBM 167 Extra"]
[Source "ChessBase"]
[SourceDate "2015.09.14"]
[SourceVersion "1"]
[SourceVersionDate "2015.09.14"]
[SourceQuality "1"]

1. e4 c5 2. Nf3 Nc6 3. d4 cxd4 4. Nxd4 g6 5. Nc3 Bg7 6. Be3 a6 7. Bc4 e6 8. Qd2 b5 9. Nxc6 dxc6 10. Qxd8+ Kxd8 11. 0-0-0+ Kc7 12. Bb3 Nf6 13. Bc5 Bf8 14. Bd4 Be7 15. a4 Rd8 16. Be5+ Kb7 17. Rxd8 Bxd8 18. Rd1 Nd7 19. Bd6 Bc7 20. f4 Bxd6 21. Rxd6 Nc5 22. e5 b4 23. Ne2 Ne4 24. Rd8 Ra7 25. Rd4 f5 26. Rxb4+ Kc7 27. Rd4 c5 28. Rd1 Kc6 29. Bc4 a5 30. Rd8 Ba6 31. Bxa6 Rxa6 32. Nc3 Nxc3 33. bxc3 Kc7 34. Rh8 Kc6 35. Rxh7 Kd5 36. g3 Kc4 37. Kd2 Ra8 1-0

[Event "Potiguar-ch"]
[Site "Natal"]
[Date "2013.10.05"]
[Round "7.10"]
[White "Barbosa, Vitor Hugo Villar D"]
[Black "Albuquerque, Rafael Anderson"]
[Result "0-1"]
[WhiteElo "1800"]
[BlackElo "2011"]
[PlyCount "54"]
[EventDate "2013.09.27"]
[EventType "swiss"]
[EventRounds "9"]
[EventCountry "BRA"]
[SourceTitle "EXT 2015"]
[Source "ChessBase"]
[SourceDate "2014.11.20"]
[SourceVersion "1"]
[SourceVersionDate "2014.11.20"]
[SourceQuality "1"]

1. b3 e5 2. Bb2 Nc6 3. e3 d5 4. Bb5 Bd6 5. Nf3 f6 6. 0-0 Nge7 7. h3 Be6 8. d4 e4 9. Nfd2 Qd7 10. Ba3 Ng6 11. Bxd6 cxd6 12. Re1 0-0 13. Qe2 Nh4 14. Qh5 Ng6 15. c4 f5 16. Nc3 a6 17. Ba4 Qf7 18. Bxc6 bxc6 19. Qe2 f4 20. Nd1 Nh4 21. exf4 dxc4 22. bxc4 d5 23. cxd5 cxd5 24. Kh2 Qf5 25. Nc3 Rf6 26. Red1 Rg6 27. g4 Qxf4+ 0-1

[Event "Potiguar-ch"]
[Site "Natal"]
[Date "2013.10.04"]
[Round "6.6"]
[White "Albuquerque, Rafael Anderson"]
[Black "Pinheiro, Ghabriel Alves"]
[Result "0-1"]
[WhiteElo "2011"]
[BlackElo "1822"]
[PlyCount "44"]
[EventDate "2013.09.27"]
[EventType "swiss"]
[EventRounds "9"]
[EventCountry "BRA"]
[SourceTitle "EXT 2015"]
[Source "ChessBase"]
[SourceDate "2014.11.20"]
[SourceVersion "1"]
[SourceVersionDate "2014.11.20"]
[SourceQuality "1"]

1. e4 c5 2. Nf3 Nc6 3. d4 cxd4 4. Nxd4 Nf6 5. Nc3 e5 6. Ndb5 d6 7. Bg5 a6 8. Na3 b5 9. Nd5 Be7 10. Bxf6 Bxf6 11. c3 0-0 12. Nc2 Bg5 13. a4 bxa4 14. Rxa4 Rb8 15. b4 a5 16. h4 Bh6 17. b5 Na7 18. c4 Be6 19. g3 Nc8 20. Bh3 Bxd5 21. Qxd5 Nb6 22. Qd1 Nxa4 0-1

[Event "Potiguar-ch"]
[Site "Natal"]
[Date "2013.09.28"]
[Round "3.7"]
[White "Macedo, Maximo Valerio"]
[Black "Albuquerque, Rafael Anderson"]
[Result "0-1"]
[WhiteElo "2053"]
[BlackElo "2011"]
[PlyCount "73"]
[EventDate "2013.09.27"]
[EventType "swiss"]
[EventRounds "9"]
[EventCountry "BRA"]
[SourceTitle "EXT 2015"]
[Source "ChessBase"]
[SourceDate "2014.11.20"]
[SourceVersion "1"]
[SourceVersionDate "2014.11.20"]
[SourceQuality "1"]

1. e4 e5 2. Nf3 Nc6 3. Bb5 a6 4. Bxc6 dxc6 5. d4 exd4 6. Qxd4 Qxd4 7. Nxd4 c5 8. Ne2 Bg4 9. Nbc3 0-0-0 10. f3 Bd7 11. Bf4 Bc6 12. Rd1 Rxd1+ 13. Kxd1 Nf6 14. Kc1 Be7 15. Rd1 h5 16. Bg5 Re8 17. h4 b5 18. Ng3 g6 19. Nce2 a5 20. Kb1 a4 21. Nc1 Kb7 22. Nd3 Nd7 23. Bxe7 Rxe7 24. Kc1 Kb6 25. Nf4 Ne5 26. Nf1 b4 27. Ne3 Re8 28. Nfd5+ Kb7 29. c3 b3 30. a3 Bb5 31. c4 Bxc4 32. Nxc4 Nxc4 33. Nc3 Nb6 34. Nd5 Kc6 35. Nc3 c4 36. Rd2 Ra8 37. Rd4 0-1

[Event "Natal Potiguar op"]
[Site "Natal"]
[Date "2013.07.07"]
[Round "5"]
[White "Albuquerque, Rafael Anderson"]
[Black "Gilardone, Adriano"]
[Result "0-1"]
[WhiteElo "2001"]
[BlackElo "2121"]
[PlyCount "46"]
[EventDate "2013.07.05"]
[EventType "swiss"]
[EventRounds "6"]
[EventCountry "BRA"]
[SourceTitle "EXT 2014"]
[Source "ChessBase"]
[SourceDate "2013.11.20"]
[SourceVersion "1"]
[SourceVersionDate "2013.11.20"]
[SourceQuality "1"]

1. e4 e6 2. d4 d5 3. Nc3 f5 4. exd5 exd5 5. Qh5+ g6 6. Qe2+ Be7 7. Qe5 Nf6 8. Bh6 Kf7 9. f3 Bd6 10. Qe2 Re8 11. Ne4 Nxe4 12. 0-0-0 Ng3 13. hxg3 Rxe2 14. Nxe2 c6 15. f4 Kg8 16. Ng1 Nd7 17. Nf3 Qa5 18. Kb1 b5 19. Ng5 Nf6 20. Bd3 Bd7 21. Nf3 Ne4 22. Ne5 Bxe5 23. fxe5 Nf2 0-1

[Event "Natal Potiguar op"]
[Site "Natal"]
[Date "2013.07.06"]
[Round "3"]
[White "Bouwman, Marcelo Wanderley"]
[Black "Albuquerque, Rafael Anderson"]
[Result "0-1"]
[WhiteElo "2180"]
[BlackElo "2001"]
[PlyCount "114"]
[EventDate "2013.07.05"]
[EventType "swiss"]
[EventRounds "6"]
[EventCountry "BRA"]
[SourceTitle "EXT 2014"]
[Source "ChessBase"]
[SourceDate "2013.11.20"]
[SourceVersion "1"]
[SourceVersionDate "2013.11.20"]
[SourceQuality "1"]

1. e4 e5 2. Nf3 Nc6 3. Bb5 a6 4. Ba4 Nf6 5. d3 Be7 6. Bxc6 dxc6 7. Nxe5 Be6 8. 0-0 Qd4 9. Nf3 Qd7 10. Bf4 0-0-0 11. Nbd2 Bg4 12. h3 Bh5 13. Nc4 h6 14. Nce5 Qe6 15. g4 g5 16. Bg3 Bg6 17. Qe1 Ne8 18. Qc3 Rh7 19. Nd4 Qf6 20. f4 gxf4 21. Bxf4 Bd6 22. Ne2 Qe7 23. a3 Ng7 24. Nxg6 fxg6 25. Bxd6 cxd6 26. Rf6 g5 27. Raf1 Ne6 28. Qc4 Re8 29. R1f5 Nd8 30. Rf2 h5 31. gxh5 Rxh5 32. e5 Rh4 33. Qc3 dxe5 34. Ng3 Rxh3 35. Ne4 Reh8 36. Kf1 g4 37. R2f5 Rh1+ 38. Ke2 R8h2+ 39. Rf2 g3 40. Nxg3 Qxf6 41. Nxh1 Qf4 42. Rxh2 Qxh2+ 43. Nf2 Ne6 44. Qe1 Qh5+ 45. Kd2 Nd4 46. Kc1 Qh2 47. Kb1 Qg3 48. Qd2 Nf3 49. Qe2 Kc7 50. c3 Qf4 51. Ne4 a5 52. a4 b6 53. Qg2 Qf7 54. Qg4 Ne1 55. Qg3 Nf3 56. Qg4 c5 57. Kc2 Nh2 0-1

[Event "Potiguar-ch"]
[Site "Natal"]
[Date "2012.09.22"]
[Round "3"]
[White "Cirne, Bruno Uchoa"]
[Black "Albuquerque, Rafael Anderson"]
[Result "0-1"]
[WhiteElo "1704"]
[BlackElo "1960"]
[PlyCount "82"]
[EventDate "2012.09.21"]
[EventType "swiss"]
[EventRounds "9"]
[EventCountry "BRA"]
[SourceTitle "EXT 2022"]
[Source "ChessBase"]
[SourceDate "2021.10.06"]
[SourceVersion "1"]
[SourceVersionDate "2021.10.06"]
[SourceQuality "1"]

1. d4 d5 2. Nf3 e6 3. c4 c6 4. e3 Nf6 5. Nc3 Nbd7 6. Bd3 Bd6 7. 0-0 e5 8. dxe5 Nxe5 9. Nxe5 Bxe5 10. h3 0-0 11. Qb3 dxc4 12. Bxc4 b5 13. Be2 Be6 14. Qc2 Qb6 15. Ne4 Nxe4 16. Qxe4 Bf6 17. Bd3 g6 18. Qf3 Bg7 19. Be4 Rac8 20. Rd1 c5 21. Bd5 Bxd5 22. Qxd5 Rcd8 23. Qb3 Rxd1+ 24. Qxd1 Rd8 25. Qc2 Qd6 26. Qe2 Qd1+ 27. Qf1 c4 28. e4 Qc2 29. Bg5 Rd3 30. Qc1 Qxc1+ 31. Rxc1 Bxb2 32. Rc2 Rd1+ 33. Kh2 Bd4 34. Kg3 f6 35. Bc1 Rd3+ 36. f3 a5 37. Bd2 c3 38. Be1 b4 39. Bf2 Be5+ 40. Kg4 h5+ 41. Kh4 Rd2 0-1

[Event "Natal Potiguar op"]
[Site "Natal"]
[Date "2012.06.09"]
[Round "5"]
[White "Albuquerque, Rafael Anderson"]
[Black "Silveira Filho, Neri da Silva"]
[Result "0-1"]
[WhiteElo "1948"]
[BlackElo "2242"]
[PlyCount "123"]
[EventDate "2012.06.07"]
[EventType "swiss"]
[EventRounds "7"]
[EventCountry "BRA"]
[SourceTitle "CBM 148 Extra"]
[Source "ChessBase"]
[SourceDate "2012.06.22"]
[SourceVersion "1"]
[SourceVersionDate "2012.06.22"]
[SourceQuality "1"]

1. e4 c5 2. Nf3 a6 3. d4 cxd4 4. Nxd4 e5 5. Nb3 Nf6 6. Bg5 Be7 7. Nc3 0-0 8. Qd2 b5 9. Bxf6 Bxf6 10. h4 Bxh4 11. Qd5 Nc6 12. Qd1 Bg5 13. Qh5 Bh6 14. Nd5 d6 15. Bd3 Qg5 16. g3 Qxh5 17. Rxh5 Ra7 18. f3 Be6 19. Ke2 f5 20. Rah1 Bxd5 21. exd5 Ne7 22. c4 bxc4 23. Bxc4 a5 24. Nd2 Bxd2 25. Kxd2 h6 26. a4 Kf7 27. g4 fxg4 28. fxg4 Ng6 29. Rf1+ Ke7 30. Rxf8 Kxf8 31. g5 hxg5 32. Rxg5 Nf4 33. Ke3 Kf7 34. Ke4 g6 35. Rg3 Rb7 36. Bb5 Nh5 37. Rc3 Nf6+ 38. Kd3 Ke7 39. Kc4 g5 40. Rg3 g4 41. b3 Kf7 42. b4 axb4 43. a5 Kg6 44. a6 Ra7 45. Kxb4 Nxd5+ 46. Ka5 Kf5 47. Be2 Nf6 48. Kb6 Rg7 49. a7 Rg8 50. Kb7 Kf4 51. Rg2 g3 52. a8Q Rxa8 53. Kxa8 Ng4 54. Kb7 Ne3 55. Rg1 d5 56. Kc6 d4 57. Kc5 g2 58. Bd3 Kf3 59. Rxg2 Nxg2 60. Kd5 Kf4 61. Bh7 Ne3+ 62. Kc5 0-1

[Event "Natal Potiguar op"]
[Site "Natal"]
[Date "2012.06.09"]
[Round "6"]
[White "Cabral Mesquita, Jussier"]
[Black "Albuquerque, Rafael Anderson"]
[Result "0-1"]
[WhiteElo "1843"]
[BlackElo "1948"]
[PlyCount "83"]
[EventDate "2012.06.07"]
[EventType "swiss"]
[EventRounds "7"]
[EventCountry "BRA"]
[SourceTitle "CBM 148 Extra"]
[Source "ChessBase"]
[SourceDate "2012.06.22"]
[SourceVersion "1"]
[SourceVersionDate "2012.06.22"]
[SourceQuality "1"]

1. d4 d5 2. Nf3 Nf6 3. c4 e6 4. a3 c6 5. Nc3 Nbd7 6. Bf4 Be7 7. cxd5 exd5 8. e3 0-0 9. Bd3 Re8 10. 0-0 Nf8 11. h3 h6 12. Qc2 Bd6 13. Rae1 Be6 14. Be5 Qd7 15. Ne2 Ng6 16. Bxg6 fxg6 17. Qxg6 Bf5 18. Qg3 Ne4 19. Qh2 Rad8 20. Rd1 Re6 21. Nf4 Ree8 22. Kh1 Qc7 23. g4 Bh7 24. Rg1 Ng5 25. Nd2 Bxe5 26. dxe5 Qxe5 27. Nh5 Qxb2 28. Qc7 Ne4 29. Rgf1 Nc5 30. g5 Qe5 31. Qa5 Ne6 32. Nxg7 Nxg7 33. gxh6 Qe6 34. Kh2 Qd6+ 35. f4 Qxh6 36. Rg1 Rd7 37. Qc3 d4 38. Qc4+ Kh8 39. Rg4 Rxe3 40. h4 Bf5 41. Rdg1 Bxg4 42. Rxg4 0-1

[Event "Natal Potiguar op"]
[Site "Natal"]
[Date "2012.06.07"]
[Round "2"]
[White "Cavalcanti, Francisco de Assis"]
[Black "Albuquerque, Rafael Anderson"]
[Result "1-0"]
[WhiteElo "2290"]
[BlackElo "1948"]
[PlyCount "134"]
[EventDate "2012.06.07"]
[EventType "swiss"]
[EventRounds "7"]
[EventCountry "BRA"]
[SourceTitle "CBM 148 Extra"]
[Source "ChessBase"]
[SourceDate "2012.06.22"]
[SourceVersion "1"]
[SourceVersionDate "2012.06.22"]
[SourceQuality "1"]

1. e4 e5 2. Nf3 Nc6 3. Bb5 a6 4. Ba4 Nf6 5. d3 d6 6. c3 Be7 7. 0-0 b5 8. Bb3 Na5 9. Bc2 c5 10. Re1 0-0 11. Nbd2 Nc6 12. Nf1 Qc7 13. Ne3 Bd8 14. a3 Bd7 15. Bd2 Rc8 16. h3 Nd4 17. Bb1 Ne6 18. Nf5 g6 19. Ng3 Nf4 20. Qc1 N6h5 21. Nxh5 Nxh5 22. Ng5 h6 23. Nf3 g5 24. h4 Nf4 25. g3 g4 26. Nh2 Nh3+ 27. Kg2 h5 28. Bh6 Re8 29. Ba2 c4 30. dxc4 bxc4 31. f3 Qb6 32. Qd2 Re6 33. Re2 Rg6 34. fxg4 Bxg4 35. Nxg4 hxg4 36. Be3 Qb7 37. Qd5 Qxd5 38. exd5 f5 39. Rf1 Rf6 40. Bc1 f4 41. Re4 f3+ 42. Kh2 Rg6 43. Rxc4 Rxc4 44. Bxc4 Bb6 45. Re1 Nf4 46. Re4 Ng2 47. Bg5 a5 48. Bd3 Rg7 49. Rxg4 Ne3 50. Bxe3 Bxe3 51. Rxg7+ Kxg7 52. b4 axb4 53. cxb4 Bd2 54. Be4 f2 55. Kg2 Be1 56. b5 Ba5 57. Kxf2 Kh6 58. Kf3 Kh5 59. Bf5 Bb6 60. a4 Ba5 61. Bd7 Bd8 62. Be8+ Kh6 63. Ke4 Kg7 64. Kf5 Kf8 65. Bh5 Ke7 66. Bf3 Kd7 67. h5 Ke7 1-0

[Event "Natal Potiguar op"]
[Site "Natal"]
[Date "2011.10.07"]
[Round "6"]
[White "Albuquerque, Rafael Anderson"]
[Black "Dantas, Isaac Pereira"]
[Result "1-0"]
[WhiteElo "1916"]
[BlackElo "1602"]
[PlyCount "53"]
[EventDate "2011.10.01"]
[EventType "swiss"]
[EventRounds "9"]
[EventCountry "BRA"]
[SourceTitle "EXT 2012"]
[Source "ChessBase"]
[SourceDate "2011.11.24"]
[SourceVersion "1"]
[SourceVersionDate "2011.11.24"]
[SourceQuality "1"]

1. e4 c5 2. Nf3 d6 3. d4 cxd4 4. Nxd4 Nf6 5. Nc3 Nc6 6. Be2 e6 7. 0-0 Be7 8. Kh1 0-0 9. f4 Bd7 10. Bf3 Nxd4 11. Qxd4 Bc6 12. g4 a6 13. a4 Nd7 14. Bg2 Qb6 15. Qd3 Nc5 16. Qe2 Qc7 17. Rf3 b6 18. Rh3 Qb7 19. g5 g6 20. b4 Nd7 21. Qe1 f6 22. Bd2 Rac8 23. b5 axb5 24. axb5 Bxb5 25. Nxb5 Rxc2 26. e5 Qb8 27. exf6 1-0

[Event "Natal Potiguar op"]
[Site "Natal"]
[Date "2011.10.03"]
[Round "5"]
[White "Albuquerque, Rafael Anderson"]
[Black "Macedo, Maximo Valerio"]
[Result "0-1"]
[WhiteElo "1916"]
[BlackElo "2070"]
[PlyCount "94"]
[EventDate "2011.10.01"]
[EventType "swiss"]
[EventRounds "9"]
[EventCountry "BRA"]
[SourceTitle "EXT 2012"]
[Source "ChessBase"]
[SourceDate "2011.11.24"]
[SourceVersion "1"]
[SourceVersionDate "2011.11.24"]
[SourceQuality "1"]

1. e4 e5 2. Bc4 Nc6 3. Nf3 Nf6 4. d4 Bb4+ 5. c3 Bd6 6. 0-0 0-0 7. Bg5 Be7 8. Nbd2 d6 9. d5 Nb8 10. Bd3 Nxd5 11. exd5 Bxg5 12. Nxg5 Qxg5 13. Ne4 Qh6 14. Ng3 Nd7 15. Nf5 Qg5 16. h4 Qf6 17. g4 Nc5 18. g5 Qd8 19. Bc2 Bxf5 20. Bxf5 g6 21. Bc2 h6 22. Kg2 h5 23. f4 exf4 24. Rxf4 Qe7 25. Qf3 Rae8 26. Rf1 Qe2+ 27. Rf2 Qxf3+ 28. Kxf3 Re7 29. Kg3 Nd7 30. Ra4 a6 31. Rb4 b6 32. Ba4 Ne5 33. Bd1 Nd3 34. Rd4 Nxf2 35. Kxf2 Re5 36. Bf3 f6 37. gxf6 Rxf6 38. Rd3 g5 39. hxg5 Rxg5 40. Ke3 Rg3 41. Kf2 h4 42. Re3 Kg7 43. c4 a5 44. b3 a4 45. b4 Rgxf3+ 46. Rxf3 Rxf3+ 47. Kxf3 Kf6 0-1